Statistics for Top 5 Songs by Bands/Artists

Click here to take the quiz!

General Stats

  • This quiz has been taken 25 times
  • The average score is 4 of 20

Answer Stats

Year of ReleaseBand% Correct
1973Piano Man
70%
1984Jump
61%
1986Livin On a Prayer
48%
1983Sharp Dressed Man
39%
1986Wanted Dead or Alive
22%
1973La Grange
22%
1984Panama
17%
1983Gimme All Your Lovin
13%
1988Bad Medicine
13%
1977Just the Way You Are
13%
1986You Give Love a Bad Name
9%
1975Tush
9%
1984Runaway
9%
1977Only the Good Die Young
9%
1981Unchained
4%
1980You May Be Right
4%
1978Runnin' with the Devil
0%
1979Dance the Night Away
0%
1973Waitin for the Bus
0%
1982Goodnight Saigon
0%

Score Distribution

Percentile by Number Answered

Percent of People with Each Score

Your Score History

You have not taken this quiz